• 首页
  • 本馆介绍
  • 公告通知
  • 最新文献
  • 馆藏检索
  • 电子资源
  • 读者导购
  • 参考咨询
  • 我的图书馆
  • 登录
  • 详细信息显示
  • 放入我的书架
  • 预约/预借图书
  • 作者相关作品
  • 分类相关作品
  • 丛书相关作品
  • 出版社相关作品

书目信息

  • 表格格式
  • 工作单格式
  • 卡片格式
题名:
应用化学图论
    
 
作者: 胡昌玉 , 许禄 著
分册:  
出版信息: 北京   科学出版社出版社  2000
页数: 335
开本: 20cm
丛书名: 计算机化学化工丛书
单 册:
中图分类: TQ011
科图分类:
主题词: 化学工业--基础理论
电子资源:
ISBN: 7-03-007914-0
000 00634nam0 2200217 450
001 0754114953
005 20070929150154.95
010    @a7-03-007914-0
100    @a20070929d km y0chiy0120 ea
101 0  @achi
200 1  @a应用化学图论@Aying yong hua xue tu lun@f许禄,胡昌玉 著@Fxu lu,hu chang yu zhu
210    @a北京@c科学出版社出版社@d2000
215    @a335@c插图@d20cm
225 2  @a计算机化学化工丛书
410  0 @12001 @a计算机化学化工丛书
606 0  @a化学工业@x基础理论
690    @aTQ011@v3
701  0 @a胡昌玉@Ahu chang yu@4著
701  0 @a许禄@Axu lu@4著
801  0 @aCN@bPFT@c20070929
905    @a213230@dTQ011@eh79@f1
    
    应用化学图论/许禄,胡昌玉 著.-北京:科学出版社出版社,2000
    335:插图;20cm.-(计算机化学化工丛书)
    
    
    ISBN 7-03-007914-0:
    
●
相关链接 在E读中查询图书 在五车中查询图书 在当当中查询图书 在豆瓣中查询图书


正题名:应用化学图论     索取号:TQ011/h79         预约/预借

序号 登录号 条形码 馆藏地/架位号 状态 备注
1 6001220   260012202   密集书库-化学系/ [索取号:TQ011/h79] 在馆    
唐山师范学院图书馆 欢迎您!
大连网信软件有限公司© 版权所有